000 00534nam a22001577a 4500
003 NyNyJPI
005 20260414174756.0
008 260414b |||||||| |||| 00| 0 pol d
020 _a9788361231677
040 _cIJP
100 _aŚmigły-Rydz, Edward
_d(1886-1941)
245 _aWiersze :
_b1940-1941 /
_cEdward Śmigły-Rydz ; [wybrał i posłowiem opatrzył Krzysztof Ćwikliński].
260 _aBydgoszcz :
_aKrzysztof Ćwikliński,
_bOficyna Wydawnicza EPIGRAM,
_c2026.
300 _a53, [3] strony ;
_b21 cm.
942 _2z
_cBK
_n0
999 _c91119
_d91119